00150nam a22000737a 4500003000400000245005500004260000900059300000800068SGT aJOURNAL OF MANUFACTURING TECHNOLOGY (JAN-DECEMBER) c2014 a138